000 00380nam a2200145Ia 4500
008 220204s9999 xx 000 0 und d
020 _a0870554549
082 _a575:631.52
_bPLA.2
100 _aJanick, Jules
245 0 _aPlant breeding reviews. Vol. 2
260 _aUSA
_bAVI Publishing Company
_c1984
650 _aCoffee breeding
650 _aInduced mutation
942 _cBK
999 _c42649
_d42649